00478nam a2200109Ia 4500008004100000100002700041245014200068260003300210300001700243650002300260856008500283160712s9999 xx 000 0 und d aAlampay, Erwin Gaspar. cErwin Gaspar AlampayaMigration and New Media: Transnational Families and Polymedia by Mirca Madianou and Daniel Miller (Routledge, 2012) c2012bSocial Science Diliman avol. 8 no. 1 xMASS COMMUNICATION uhttp://journals.upd.edu.ph/index.php/socialsciencediliman/issue/view/346/showToc